000 01387nam a2200325 a 4500
001 BRCA_3072
005 20190320204109.0
008 270109s1812----fr-a---###---#000-0#fre-u
041 _afre
044 _afr
084 _a378
_b.R47
_c1812
100 1 _aCervantes Saavedra, Miguel de
_d1547-1616
_9213
245 1 0 _aDon Quichotte de la Manche
_cMiguel de Cervantes Saavedra ; Traduit de L´Espagnol par Florian.
260 _aParís
_bAnt. Aug. Renouard
_c1812
300 _a4 v.
_bil.
_c15 cm.
440 0 _aOuvres de Florian : Don Quichotte
_98397
500 _aContenido : v 1. Primera parte. Advertencia del traductor. Prólogo del autor. Texto. v 2. Texto. -- v 3. Segunda parte. Prefacio del traductor. Prólogo del autor. Texto. -- v 4. Texto
500 _aEdición : Ouvrage Posthume
500 _aEjemplar por completo igual al LO-377. Piel; lomos y planos decorados con dorados Lúdovik Osterc
500 _aQM1532
546 _aTexto en : francés
650 1 4 _aNovela española
_yÉpoca clásica, 1500-1700
_9215
650 1 4 _aLiteratura española
_yÉpoca clásica, 1500-1700
_9216
650 1 4 _aNovela española
_ySiglo XVII
_9217
650 1 4 _aDon Quijote (Personaje ficticio)
_eNovela
_9218
700 1 _aFlorian, Jean-Pierre Claris de
_d1755-1794
_eTraductor
_98398
740 0 _aEl Ingenioso Hidalgo Don Quijote de la Mancha
902 _aQFM
942 _2lcc
_cB
999 _c2808
_d2808